| 000 | 01082cam a22002894a 4500 | ||
|---|---|---|---|
| 999 |
_c330772 _d330772 |
||
| 001 | 14589374 | ||
| 003 | NUST | ||
| 005 | 20170806111419.0 | ||
| 008 | 061011r2006 pk ab b 001 0 eng | ||
| 010 | _a 2006312519 | ||
| 020 | _a9693518748 | ||
| 025 | _aP-E-2006312519 ; 20 | ||
| 040 |
_aDLC _cDLC |
||
| 043 | _aa-pk--- | ||
| 050 | 0 | 0 |
_aDS392.2.L3 _bG68 2006 |
| 082 |
_a954.9143 _bGOU |
||
| 100 | 1 |
_aGoulding, Henry Raynor. _93748 |
|
| 245 | 1 | 0 |
_aOld Lahore : _breminiscences of a resident / _cby H. R. Goulding ; with which is reproduced historical and descriptive account by T. H. Thornton. |
| 260 |
_aLahore : _bSang-e-Meel Publications, _c2006. |
||
| 300 |
_a136 p. : _bcol. ill. (folded map) ; _c21 cm. |
||
| 500 | _aPrevious ed. : Universal Books, [1976?] | ||
| 504 | _aIncludes bibliographical references and index. | ||
| 651 | 0 |
_aLahore (Pakistan) _xDescription and travel. _93749 |
|
| 651 | 0 |
_aLahore (Pakistan) _xHistory. _93750 |
|
| 700 | 1 |
_aThornton, T. H. _93751 |
|
| 906 |
_a7 _bcbc _corigode _d3 _encip _f20 _gy-gencatlg |
||
| 942 |
_2ddc _cBK |
||